Billboard Number-One Singles by Letter - A - Statistics

General Stats
  • This quiz has been taken 36 times
  • The average score is 19 of 56
Answer Stats
Artist Year Song % Correct
Toto 1983 Africa
83%
Don McLean 1972 American Pie
83%
The Jackson 5 1970 ABC
60%
The Rolling Stones 1973 Angie
60%
The Guess Who 1970 American Woman
57%
Starland Vocal Band 1976 Afternoon Delight
53%
Heart 1987 Alone
53%
Queen 1980 Another One Bites the Dust
50%
Christopher Cross 1981 Arthur's Theme (Best That You Can Do)
50%
Steve Miller Band 1982 Abracadabra
47%
Janet Jackson 1993 Again
47%
America 1972 A Horse with No Name
47%
Gilbert O'Sullivan 1972 Alone Again (Naturally)
47%
Boston 1986 Amanda
47%
Pink Floyd 1980 Another Brick in the Wall, Part II
47%
Robert Palmer 1986 Addicted to Love
43%
Meghan Trainor 2014 All About That Bass
43%
Mariah Carey 2019-2023 All I Want for Christmas Is You
43%
Atlantic Starr 1987 Always
43%
Phil Collins 1990 Another Day in Paradise
43%
The 5th Dimension 1969 Aquarius/Let the Sunshine In
43%
John Legend 2014 All of Me
40%
Helen Reddy 1974 Angie Baby
40%
John Denver 1974 Annie's Song
40%
Phil Collins 1984 Against All Odds (Take a Look at Me Now)
37%
Color Me Badd 1992 All 4 Love
37%
Harry Styles 2022 As It Was
37%
Bryan Adams/Rod Stewart/Sting 1994 All for Love
33%
Lionel Richie 1983 All Night Long (All Night)
33%
Taylor Swift 2022 Anti-Hero
33%
Diana Ross 1970 Ain't No Mountain High Enough
30%
Lonestar 2000 Amazed
30%
Shaggy ft. Rayvon 2001 Angel
30%
The Beatles 1967 All You Need Is Love
27%
Billy Vera and the Beaters 1987 At This Moment
27%
The Beatles 1964 A Hard Day's Night
23%
Lizzo 2022 About Damn Time
20%
Walter Murphy and the Big Apple Band 1976 A Fifth of Beethoven
20%
The Hollywood Argyles 1960 Alley Oop
20%
Janet Jackson 2001 All for You
20%
Kelly Clarkson 2002 A Moment Like This
20%
Peter and Gordon 1964 A World Without Love
20%
Gloria Estefan and Miami Sound Machine 1988 Anything for You
17%
Peabo Bryson and Regina Belle 1993 A Whole New World
17%
Phil Collins 1988 A Groovy Kind of Love
13%
Jennifer Lopez ft. Ja Rule 2002 Ain't It Funny (Murder Remix)
13%
Jennifer Lopez ft. LL Cool J 2003 All I Have
13%
Whitney Houston 1991 All the Man That I Need
13%
Taylor Swift 2021 All Too Well (Taylor's Version)
13%
Mariah Carey 1995 Always Be My Baby
13%
Ja Rule ft. Ashanti 2002 Always on Time
13%
Monica 1999 Angel of Mine
13%
Elvis Presley 1961 Are You Lonesome Tonight?
13%
K-Ci & JoJo 1998 All My Life
10%
Elvis Presley 1959 A Big Hunk o' Love
7%
Duran Duran 1985 A View to Kill
7%
No matching quizzes found
Score Distribution
Percent of People with Each Score
Percentile by Number Answered
Your Score History
You have not taken this quiz